000 00721nas a2200229 4500
001 BR8204946
003 BR-BrBNA
005 20231205085233.0
007 ta
008 230509b bl.|||p| |||| 00| 00por d
040 _aBR-BrBNA
_bpor
_cBiblioteca Nacional de Agricultura
041 _a(Pt)
072 _aF00
110 1 _aSecretaria da Agricultura, Porto Alegre, RS (Brasil)
_98480
245 1 _aMercado das flores [exposicao agricola, Rio Grande do Sul, Brasil]
650 _aPLANTA ORNAMENTAL
650 _aEXPOSICAO AGRICOLA
650 _aRIO GRANDE DO SUL
773 0 _tLavoura Pecuaria (Brazil)
_x
_g(Oct 1982), v. 5(23) p. 45
_wBR8204946
909 _a202311
_bLúcia
_c55
_dLúcia Elande
942 _2AGRIS
_n0
_cANA
999 _c110155
_d110155